000 00549nam a2200169Ia 4500
999 _c26384
_d26384
003 OSt
005 20201221153723.0
008 190216s9999||||xx |||||||||||||| ||und||
040 _coclc
082 _a894.8121
_bNAM/A
100 _aNamboodiri, Akkitham Achutan
_96912
245 0 _aAkkithathinte Theranjedutha Kavithakal /
_cAkkitham Achuthan Namboodiri
260 _bSahithya Pravarthaka Sahakarana Sangam,
_c1986.
_aKottayam:
300 _a514p
650 _aKavitha
942 _cBK
_2ddc
_h894.8121
_iNAM/A
_k894.8121
_mNAM/A